| 000 | 00771cam a2200193 4500 | ||
|---|---|---|---|
| 001 | WB3619-38 | ||
| 008 | 000000n2000 000 0 eng u | ||
| 035 | _a(Sirsi) u105962 | ||
| 245 | _aFarmland values rise slowly | ||
| 260 | _c2000 | ||
| 490 |
_aYorkshire Post _v 11 May 2000, 20(1) |
||
| 520 | _aNew analysis by the RICS shows that the average price of farmland rose in the 1Q of 2000 to £7,485 per hectare (£3,029 per acre). However prices are expected to decline later in the year, as it is expected more farmers will decide to sell up in the present situation. Farms with residential appeal command stronger prices. | ||
| 590 | _aWB | ||
| 650 | _aFARMLAND PRICES | ||
| 650 | _aRICS | ||
| 650 | _aFARMLAND MARKET | ||
| 690 | _aRURAL-MARKET | ||
| 942 | _n0 | ||
| 999 |
_c63444 _d63444 |
||